[Event "Caissa intern 2017-2018"]
[Site "?"]
[Date "2017.10.24"]
[Round "7"]
[White "Hovenga, Alje"]
[Black "Witt, Rob"]
[Result "0-1"]
[WhiteElo "2196"]
[BlackElo "2118"]
[Annotator "Witt"]
[PlyCount "86"]
[EventDate "2017.??.??"]

{Een paar spelers uit de top ontbraken zodat ik een beetje onverwacht tegen
Alje moest.} 1. d4 Nf6 2. c4 e6 3. Nf3 d5 4. Nc3 {Ik speel hier van alles
zonder al te veel kennis van zaken en na 5 minuten koos ik deze keer voor} c5
5. cxd5 Nxd5 6. e4 Nxc3 7. bxc3 cxd4 8. cxd4 Bb4+ 9. Bd2 Bxd2+ 10. Qxd2 O-O 11.
Bc4 {Alje had van een eerdere partij geleerd dat dit het beste veld is voor de
loper.} Nd7 {Zo spelen ze het tegenwoordig. Met name Kramnik heeft de laatste
jaren veel gespeeld en wat goed genoeg is voor Kramnik moet goed genoeg zijn
voor mij.} ({Vroeger gingen de meeste partijen verder met} 11... Nc6 12. O-O b6
13. Rad1 Bb7 14. Rfe1 {Beroemd is de partij Polugaevsky,L-Tal,M Moscow 1969
URS-ch (37.1-0) die Polu uitgebreid analyseert in zijn fantastische boek
Grandmaster Preparation. Zelf heb ik dit vroeger ook een paar keer gespeeld
met zwart en ik herinner me o.a. een mooie overwinning op Paul Boersma.}) 12.
O-O Nf6 $6 {Ik zit niet op te letten.} ({Bijna iedereen speelt hier eerst} 
12... b6 {Op bijv.} 13. d5 {(niet het beste) komt} Nc5) 13. Qd3 {De enige zet
in de partij waar Alje langer dan 5 minuten over nadacht.} ({Meestal volgt} 13.
Rfe1 {waarmee wit ruim 66% scoort in 53 partijen.}) 13... b6 {Na afloop dacht
ik dat ik misschen beter h6 had kunnen doen, maar er is niks mis met de
tekstzet.} 14. e5 {Deze en Alje's volgende zet verrasten mij.} Nd5 15. Bxd5
Qxd5 {A tempo gespeeld.} 16. Ng5 {Ik nam niet eens de tijd om te balen en
speelde a tempo} g6 $2 {omdat ik dacht dat dit de enige zet was.} ({Alje wees
me op} 16... f5 $1 {En wit kan niet en passant slaan omdat dan beide pionnen
verdwijnen en Pg5 verloren gaat. De engine vindt de kansen gelijk na bijv.} 17.
Nh3 Rd8 18. Rfd1 Bb7 19. Nf4 Qd7 $11) 17. Ne4 $16 {Een verschrikkelijke
stelling voor zwart. Om niet te zeggen een verloren stelling.} Kg7 18. Nf6 Qd8
19. Rfe1 Bb7 20. Re3 (20. h4 {lijkt nog sterker.}) 20... Rh8 21. Rh3 Rc8 22.
Qe3 h6 23. Rg3 Rc4 24. Rd1 b5 25. h4 h5 26. Rg5 $2 {Na 4 minuten. Ik dacht dat
Alje iets met g4 wilde doen, maar dat werkt niet.} ({Ik verwachtte hier} 26.
Qg5 {Zwart heeft niet beter dan} Rxd4 ({Ik was eerlijk gezegd} 26... Kf8 {
van plan. Maar volgt sterk} 27. d5 $1 Bxd5 28. f4 {en er is weinig tegen f5 te
beginnen.}) 27. Nxh5+ Rxh5 28. Rxd4 {en zowel na} Rxg5 ({als na} 28... Qxd4 29.
Qxh5 Qa1+ 30. Kh2 Qxa2 31. f3 $18 {kwaliteit + aanval.}) 29. Rxd8 Rxe5 30. Rd7
Bd5 31. Rxa7 Re1+ 32. Kh2 Re2 33. h5 Be4 34. f3 Bf5 35. hxg6 Bxg6 {Met een
volle kwaliteit. Maar misschien vond Ale deze varianten niet overtuigend
genoeg. Je denkt immers in de koningsaanval te kunnen winnen.}) 26... b4 {
Ik maakte me hier nog steeds zorgen, maar Stockfish niet. Die oordeelt gewoon
0.00.} 27. Kh2 a5 28. Rg3 Rc3 $2 {Ik was ten onrechte blij een toren te kunnen
ruilen. Dat geldt echter niet voor het ruilen van Tg3.} ({Maar correct was} 
28... Rc2 $1 $11) 29. Rd3 $2 {Deze toren wil zwart wel ruilen.} ({Alje had
alsnog moeten kiezen voor} 29. Qg5 {En zwart zit weer in de problemen. Slecht
is bijv.} Rxg3 30. fxg3 Kf8 31. Rc1 $1 $18 Bd5 32. Rc2 {en zwart heeft geen
zetten meer.}) 29... Rxd3 30. Qxd3 Bd5 {Wit heeft nog een uur, zwart 35
minuten. Het staat volgens de engine weer ongeveer gelijk en zelf had ik ook
voor het eerst het gevoel dat ik dit niet ging verliezen.} 31. Qd2 Bc4 32. Qb2
Qa8 ({Logischer was} 32... Qb6 {Ik hoef niet bang te zijn voor varianten met}
33. d5 Bxd5 34. Nxd5 $2 exd5 35. e6+ d4 $1 $17) 33. Qd2 Qd8 $6 ({Iets
nauwkeuriger lijkt} 33... Qc6 34. Qg5 Kf8 $11) 34. Kh3 {Ik dacht dat Alje hier
geen concreet plan meer had en maar wat doet in de hoop dat ik een keer zou
instorten.} ({Wit heeft hier nog een interessante poging met} 34. Qg5 Kf8 35.
d5 Bxd5 36. Rd3 {Zwart kan dan het beste de pion teruggeven met} Qc7 {bijv.}
37. Nxd5 exd5 38. Rxd5 Kg7 39. f4 Kh7 40. f5 Rg8 {en wit heeft nog steeds het
initiatief al lijkt het dat zwart zich kan verdedigen.}) 34... Bd5 35. Qb2 Qa8
(35... Qb6) 36. a3 b3 ({Solide was} 36... Qb7 {maar ik zag wat Alje na de
tekstzet van plan was en dat wilde ik wel eens zien.}) 37. Nxd5 Qxd5 38. Rxb3
Rd8 39. Rb5 $2 {A tempo deze blunder. Alje dacht een toreneindspel met
pluspion te krijgen.} Qc4 $2 {Ondanks 2 minuten nadenken profiteer ik niet.} ({
Ik had toch eerst serieus gekeken naar} 39... Qe4 $1 {maar zag niks bijzonders
na} 40. f3 {Toch is het niet zo moeilijk na} Qf4 $1 {pion d4 blijft hangen en
zwart dreigt g5! (totaal gemist.) Het enige is} 41. Qf2 (41. d5 $2 g5 $1 $19)
41... Rxd4 42. Qg3 {(anders komt Td1 of Dxe5)} Qf5+ 43. Kh2 Ra4 44. Rb3 Qc2 45.
Re3 Qc5 {en zwart heeft goede winstkansen.}) 40. g3 $4 {Na 3 minuten. Slechte
zetten worden goed als je ze slecht beantwoordt.} ({Genoeg voor remise was} 40.
Qb3 {bijv.} Qxd4 41. Qf3 $1 $11 {Heb ik zelf ook niet gezien.}) 40... Rxd4 {
Nu is het uit.} 41. Qb1 Qe2 42. Kg2 Rd1 43. Qb3 Qf1+ {en we gingen aan het
bier. Het was meer een rapidpartij dan een serieuze partij. Alje had nog 42
minuten over en ik 23 minuten.} 0-1

[Event "Eijgenbroodtoernooi"]
[Site "?"]
[Date "2017.10.27"]
[Round "1"]
[White "Witt, Rob"]
[Black "Hoeneveld, Maarten"]
[Result "1/2-1/2"]
[WhiteElo "2114"]
[BlackElo "1886"]
[Annotator "Witt"]
[PlyCount "54"]
[EventDate "2017.??.??"]

{Ik was niet blij met mijn jonge clubgenoot als tegenstander. Ik vind het niet
leuk om van hem te winnen, maar ik wil natuurlijk ook niet verliezen.} 1. d4
Nf6 2. Bf4 {Ik had geen zin om zijn theoretische kennis van de KID te testen.}
d5 {Die had ik niet verwacht.} 3. e3 c5 4. c3 Nc6 5. Nd2 e6 6. Bd3 ({
Gebruikelijker is} 6. Ngf3 Bd6 7. Bg3 O-O 8. Bd3 {wat ik een jaar geleden
tegen Ed Roering op het bord had.}) 6... Bd6 7. Bxd6 Qxd6 8. f4 O-O (8... cxd4
9. cxd4 O-O 10. a3 Ne7 11. Ngf3 Qb6 12. Qb3 Qxb3 13. Nxb3 {Kramnik,V (2801)
-Grandelius,N (2649) Stavanger 2016 (39.1-0)}) 9. Ngf3 Ng4 $6 {Of is het !?
Een ? omdat het niet de beste zet is en een ! omdat Maarten het loperoffer
gezien had en dacht dat hij genoeg spel had.} ({De engine geeft eerst} 9...
cxd4 $1 10. cxd4 {en dan pas} Ng4 $1 {en nu is het offer niet goed, bijv.} 11.
Bxh7+ Kxh7 12. Ng5+ Kg8 13. Qxg4 f6 14. Ngf3 Nb4 $1) 10. Bxh7+ {Na een
kwartier. Als ik het niet doe volgt f5 met een saaie stelling.} Kxh7 {Die deed
Maarten vrij vlot.} ({Ik had me meer het hoofd gebroken over} 10... Kh8 {
Dan wilde ik verder gaan met} 11. Ne5 $1 ({Ik had gezien dat} 11. Ng5 $2 {
niet goed was wegens} e5 $1 12. dxe5 Qh6 {waarna pion e3 in staat en f6 dreigt.
}) 11... Nxe3 12. Qh5 (12. Qf3 cxd4 13. cxd4 Kxh7 14. Qxe3 Kg8) 12... Nxg2+ 13.
Kd1 $1 Nxf4 14. Nxf7+ {only move.} (14. Qh4 $2 Qe7 $1 $17) 14... Rxf7 15. Qxf7
{en nu faalt} Kxh7 $2 {op} 16. Rg1 $18 {en op andere zetten zou ik wel verder
zien.}) 11. Ng5+ Kg8 12. Qxg4 f6 13. Ngf3 e5 14. fxe5 fxe5 15. Qg3 {Tot zover
had ik het gezien en mijn stelling als gewonnen beschouwd. Dat blijkt echter
veel te optimistisch te zijn. Maarten begon nu lang na te denken. Hij had
kennelijk mijn laatste zet die pion e5 pent, in de vooruitberekening gemist.}
cxd4 16. exd4 Qe7 $2 ({De engine geeft als beter} 16... Qh6 $1 {met
aanvalskansen als compensatie voor de pion na bijv.} 17. O-O $1 (17. Nxe5 Nxe5
18. dxe5 Bf5 $13) 17... exd4 18. cxd4 Bf5 19. Rae1 $14) 17. Nxe5 Nxe5 18. Qxe5
({De engine heeft een lichte voorkeur voor} 18. dxe5 {Ik vertrouwde het niet
helemaal na} Qc5 ({of misschien} 18... d4 $5) 19. O-O-O Bf5) 18... Qh4+ 19. Qg3
$2 {Dit leek me het meest overzichtelijk, maar de stelling is veel moeilijker
dan ik tijdens de partij dacht. Wit staat niet eens beter.} ({Ik had toch
moeten kiezen voor} 19. g3 {bijv.} Qd8 20. O-O-O Bf5 {met twee pionnen meer,
maar zo duidelijk is het niet.}) 19... Re8+ $2 {A tempo de zet die ik
verwachtte.} ({Maar sterker was} 19... Qe7+ $1 20. Kd1 Bf5 $13 {en wit komt
niet los.}) 20. Kf2 Qh6 21. Rad1 $4 {Een blackout. Ik wilde de andere toren
spelen maar ineens ging mijn hand naar de dametoren. Ik zag ook meteen zijn
antwoord.} ({Noodzakelijk was dus} 21. Rhd1 {maar ik blijk helemaal niet zo
veel beter te staan als ik tijdens de partij dacht. Zwart speelt het beste} Re6
$1 {en wit moet heel nauwkeurig spelen om een plusje te houden.}) 21... Bg4 {
'Heel goed', zei ik zachtjes tegen Maarten. Als ik de loper sla heeft zwart
eeuwig schaak.} ({Tot mijn verbazing geeft de engine} 21... Bf5 $1 {als beste
zet en zwart is degen die op winst speelt.}) 22. h3 $2 {Kennelijk kunnen
blackouts langer duren. In plaats van eeuwig schaak toe te laten, besluit ik
te gokken.} (22. Qxg4 Qe3+ 23. Kf1 Qd3+) 22... Bxd1 {Zelfs Lh5 is heel goed
voor zwart.} 23. Rxd1 Qa6 {Na lang nadenken een mooie lange zet.} ({Maar snel
de torens activeren is misschien wel logischer.} 23... Re6 24. Qd3 Rf8+ 25. Nf3
Rg6 {en dat houdt wit niet droog.}) 24. Kg1 {Nu wordt Maarten te zorgeloos.}
Qxa2 $2 ({Goed was} 24... Qe2 25. Qf3 Rad8 $17) 25. Nf3 Qxb2 26. Ne5 $2 {
A tempo en wel begrijpelijk, maar niet goed.} ({Beter was eerst} 26. Qg6 {
al zal dat ook niet voldoende zijn.}) 26... a5 $2 {Maarten blijft zorgeloos.} (
26... Qb6 $19) 27. Qf3 {Hier besefte Maarten dat hij te ver gegaan was. Na
lang nadenken speelde hij} Qb6 {en bood remise aan. Ik keen nog even of ik
meer had dan eeuwig schaak, maar dat is niet het geval.} ({De enige manier
voor Maarten om eeuwig schaak te vermijden was} 27... Rxe5 28. dxe5 Qb6+ 29.
Rd4 $13 {maar dat durfde hij toch niet aan. Maarten speelde verder een prima
toernooi met een TPR 2197. Pas in de laatste ronde verloor hij aan bord 3 van
Dennis Brouwer.}) 1/2-1/2

[Event "Eijgenbroodtoernooi"]
[Site "?"]
[Date "2017.10.28"]
[Round "2"]
[White "Golbach, Floris"]
[Black "Witt, Rob"]
[Result "1-0"]
[WhiteElo "1883"]
[BlackElo "2114"]
[Annotator "Witt"]
[PlyCount "65"]
[EventDate "2017.??.??"]

{Ik zat zaterdagochtend als een zombie achter het bord. Frans Arp logeerde bij
mij en dat is altijd gezellig. Alleen maken we het altijd veel te laat. Voor
Frans is dat geen probleem want hij heeft aan 4 uur slaap genoeg, maar ik heb
echt 8 uur nodig.} 1. d4 Nf6 2. c4 e6 3. Nc3 Bb4 4. Qc2 c5 5. dxc5 Bxc5 6. Nf3
Qb6 {Dit systeem speel ik voor het eerst. Zwart wil een hedgehog opstelling
innemen.} 7. e3 Qc7 8. Be2 b6 9. O-O a6 10. Na4 {Na 20 minuten deze niet zo
gebruikelijke zet. De meeste partijen gaan verder met b3 of a3.} Be7 11. Qb3
Bd8 12. Bd2 d6 13. Rfd1 Nbd7 14. a3 O-O 15. Qa2 Bb7 16. b4 Ne4 ({Gezond is} 
16... d5 $11 {Maar ik was bang dat de stelling zou vervlakken.}) 17. Nc3 Ndf6
18. Nxe4 Nxe4 19. Be1 Rc8 20. Rac1 {Ik wilde nu voorkomen dat wit met Pd2 nog
meer stukken ging ruilen en speelde daarom} Bf6 $6 {Wit nog 35 minuten, zwart
nog een uur. Mijn loper staat hier bij nader inzien niet zo goed. Ik had iets
anders moeten verzinnen.} ({Bijv.} 20... Qb8 {Maar het blijft lastig om voor
zwart een constuctief plan te bedenken.}) 21. Nd4 {Ik heb nu totaal niet door
dat wit f3 dreigt.} Qb8 $4 {Na 12 minuten.} (21... d5) 22. f3 Bg5 (22... Bxd4
23. exd4 Nf6 24. a4 {is ook vreselijk voor zwart.}) 23. Qb3 Nf6 $2 {Nu
verliest zwart zonder compensatie een stuk.} ({Ik keek ook nog naar} 23... e5 {
maar dacht dat ik dan ook gwoon een stuk verloor na} 24. Nc2 $2 ({Veel beter is
} 24. Nf5 g6 25. h4 Bd8 26. fxe4 gxf5 27. exf5 $16 {Weliswaar heel goed voor
wit maar ik sta tenminste geen stuk achter.}) 24... Nf6 25. h4 Bh6 {En de
engine weet er nog wat van te maken als wit een stuk wil winnen met} 26. g4 Qa8
$1 27. Kf2 Nxg4+ 28. fxg4 Bh1 29. Bf1 Qe4 $1 30. Kg1 Bf3 {met goede
compensatie.}) 24. h4 $18 Bh6 25. g4 g5 26. hxg5 Bxg5 27. f4 Bxf4 28. exf4 d5
29. Qe3 dxc4 30. Qe5 {Wit nog 7 minuten, zwart 40 minuten.} ({Goed genoeg,
maar harder was} 30. f5) 30... Nd5 $2 ({Ik had natuurlijk} 30... Qxe5 31. fxe5
Nd5 {moeten proberen. Met 7 minuten en 15 sec. increment kan wit het nog
verknoeien.}) 31. Qg5+ Kh8 32. Nxe6 $1 Rg8 (32... fxe6 33. Rxd5 Bxd5 34. Bc3+)
33. Bc3+ {En ik feliciteerde Floris. Mijn eerste nederlaag in 15 partijen. Het
moest een keer gebeuren.} 1-0

[Event "Eijgenbroodtoernooi"]
[Site "?"]
[Date "2017.10.28"]
[Round "3"]
[White "Hoomans, Peter"]
[Black "Witt, Rob"]
[Result "1/2-1/2"]
[WhiteElo "1889"]
[BlackElo "2114"]
[Annotator "Witt"]
[PlyCount "84"]
[EventDate "2017.??.??"]

{Voor de middagpartij trof ik clubgenoot Peter Hoomans.} 1. f4 d5 2. Nf3 g6 3.
e3 Bg7 4. Be2 Nf6 5. O-O O-O 6. d3 c5 7. Nc3 Nc6 ({Volgende keer speel ik} 7...
d4 $5) 8. Ne5 {Hier staarde ik een klein kwartiertje naar mijn stelling. Moet
ik op c6 laten slaan en hoe sla ik dan terug? Is alsnog d5-d4 een zet?
Uiteindelijk besloot ik op e5 te ruilen.} Nxe5 ({De meeste partijen gaan
verder met} 8... Qc7 9. Nxc6 Qxc6 10. Bf3) 9. fxe5 Ne8 ({De andere paardzet
kwam ook in aanmerking.} 9... Nd7 10. d4 (10. Nxd5 $6 Nxe5 $15) 10... e6) 10.
d4 e6 {Hierna dacht Peter 20 minuten na en ik begreep wat er ging komen.} ({
Er was ook iets te zeggen voor} 10... Nc7) 11. e4 Nc7 {Na 12 minuten
waarschijnlijk de beste zet.} ({Ik heb vergeten te vragen wat hij gepland had
op} 11... dxe4 {Ik verwierp het wegens} 12. Nxe4 Qxd4+ 13. Qxd4 cxd4 14. Nf6+
Kh8 (14... Nxf6 15. exf6 Bh8 {zag ik niet zitten, maar volgens de engine kan
het.}) 15. b3) 12. Bf4 {Na 12 minuten.} b6 13. dxc5 bxc5 (13... d4 14. cxb6
axb6 15. Nb5 Nxb5 16. Bxb5 Ba6 17. Bxa6 Rxa6 18. Qd3) 14. Qd2 Qd7 15. Rad1 ({
Ik verwachtte} 15. exd5) 15... d4 16. b3 Na6 $2 {Na 5 minuten.} ({Veel beter
was} 16... Ba6 {bijv.} 17. Na4 Qc6 18. c3 Rfd8 {met wederzijdse kansen.}) 17.
Na4 {A tempo gespeeld omdat natuurlijk zijn plan was. Maar door mijn slechte
zet heeft wit plotseling een andere mogelijkheid.} ({Sterk was} 17. Nb5 $1 {
en wit staat duidelijk beter.}) 17... Qc7 18. c3 Rd8 {Maar ook hier staat wit
beter. Ik had eerlijk gezegd het gevoel dat ik langxzaam weggespeeld werd.} 19.
Bg5 {Ook deze speelde Peter snel. Er waren ook andere zetten. Ik had inmiddels
besloten om de kwaliteit te geven voor de zwarte loper.} Bxe5 $2 {Maar dit is
niet de goede manier.} ({Pion e5 loopt niet weg. De juiste manier is} 19... Bb7
$1 {en het is de vraag of wit de kwaliteit wel moet nemen. Want na} 20. Bxd8
Rxd8 {staat wit helemaal niet beter.}) 20. Bxd8 Qxd8 {Wit nog 28 minuten,
zwart 39 minuten.} 21. Qh6 ({Beide spelers misten hier de mogelijkheid} 21.
Nxc5 $1) ({En misschien was} 21. Rf3 {nog beter.}) 21... Qe7 22. cxd4 cxd4 23.
Rd3 Bg7 24. Qf4 $6 {De dame verder terugtrekken is beter, maar deze zet
verleidt mij wel tot een fout.} e5 $6 {A tempo gespeeld.} ({Veel beter was} 
24... Nb4 $1 {bijv.} 25. Rdf3 d3 26. Bxd3 ({slechter is} 26. Bd1 Ba6 27. Qxf7+
$2 ({iets beter maar ook goed voor zwart is} 27. Qd2 Rf8) 27... Qxf7 28. Rxf7
Bd4+ 29. Kh1 Rd8 {en wit is in grote problemen.}) 26... Nxd3 27. Rxd3 Ba6 $15)
25. Qd2 Nb4 $6 {Ook niet geweldig.} (25... Kh8 $13 {gevolgd door f5}) 26. Rdf3
Be6 27. Rc1 $2 {dreigt stukwinst met a3. Ik dacht dat ik weer in grote
problemen zat.} (27. Bc4 $1 $16) 27... Qd6 $2 {Na 12 minuten.} ({Ik keek o.a.
naar} 27... Bg4 $1 {wat ik geloof ik verworpen heb wegens} 28. Rxf7 {maar
eigenlijk is er niks aan de hand na} (28. Rff1 Bh6 $1 {heb ik niet gezien.})
28... Qxf7 29. Bxg4 Kh8 {want op} 30. Qxb4 {heeft zwart} Qf4 $13) 28. Nc5 {
Nu zit zwart inderdaad in grote problemen.} Nc6 29. Nxe6 fxe6 30. Qc2 {Wit nog
13 minuten en staat op winst. Ik zag eigenlijk niks speelbaars en na 12
minuten speelde ik maar} Nd8 31. Qc5 (31. Qc7 $1 Bf8 32. h4 $18) 31... Bf8 32.
Qxd6 {Beetje jammer maar goed genoeg.} (32. Qc7 {was nog steeds sterk.}) 32...
Bxd6 33. Bc4 (33. Ba6 $1 $18) 33... Rb8 34. Kf1 Kg7 35. Ke2 Ba3 36. Rcf1 Rb7
37. Kd3 Rc7 {Wit nog 6 minuten, zwart 5 minuten (+ 15 sec. increment).
Inmiddels had ik het gevoel dat ik dit niet meer ging verliezen.} 38. Kd2 {
Een zet die ik niet begrijp, maar hij staat ook bovenaan bij Stockfish.} a5 39.
g4 Be7 40. Rc1 $4 {Och, een vreselijke blunder.} Bg5+ 41. Kc2 Bxc1 42. Kxc1 {
Ik vond dat Peter goed gespeeld had en ik wilde deze partij niet op zo'n
manier winnen. Daarom besloot ik maar een zet te doen en remise aan te bieden.}
g5 {Peter nam het natuurlijk meteen aan.} ({Ik zag dat wit na} 42... Nf7 {
vrijwel kon opgeven.}) 1/2-1/2

[Event "Eijgenbroodtoernooi"]
[Site "?"]
[Date "2017.10.29"]
[Round "5"]
[White "Witt, Rob"]
[Black "Boonstra, Jaspar"]
[Result "1-0"]
[WhiteElo "2114"]
[BlackElo "1861"]
[Annotator "Witt"]
[PlyCount "69"]
[EventDate "2017.??.??"]

{De 4e ronde had ik een bye genomen. Ik had het zaterdagavond ook niet zo gek
laat gemaakt met Frans, zodat ik zondagochtend redelijk fit achter het bord
zat.} 1. d4 Nf6 2. c4 g6 3. Nc3 d5 4. Nf3 Bg7 {Gezien mijn slechte vorm leek
het me verstandig een simpel systeem te kiezen tegen de Grunfeld.} 5. cxd5 Nxd5
6. Bg5 {Zo heeft Alje Hovenga het jarenlang gespeeld. Ik herinner me dat Arne
Moll deze aanpak destijds ten zeerste afkraakte, maar ik herinner mij ook dat
Arne het later zelf wel eens gespeeld heeft.} Nxc3 ({Een goede aanpak is} 6...
c5 7. Rc1 Nxc3 8. bxc3 Qa5 9. Qd2 Bf5) 7. bxc3 O-O 8. e3 c5 9. Qd2 ({Vrijwel
iedereen speelt hier} 9. Be2) 9... Qc7 ({Verrassend dat een vechter als
Kortschnoj dit slappe systeem ook wel eens speelde. In een oude partij tegen
Reshevsky volgde} 9... cxd4 10. cxd4 b6 11. Rd1 Bb7 12. Be2 Nd7 13. O-O Nf6 14.
Qb4 Qd6 15. Qxd6 exd6 16. Nd2 Rfc8 17. Rc1 Rxc1 18. Rxc1 Rc8 19. Rxc8+ Bxc8 20.
Bxf6 Bxf6 {Kortschnoj,V (2695)-Reshevsky,S (2485) Lone Pine 1979 (49.½-½)})
10. Be2 Nc6 11. O-O Bf5 12. Rac1 Rfe8 13. h3 Rac8 14. Rfd1 {Beide spelers
hebben braaf hun ontwikkeling voltooid en de partij kan beginnen. Nu moet er
een plan verzonnen worden. Zwart mag eerst.} cxd4 $6 15. cxd4 Qa5 $2 {De
partij is al weer bijna voorbij. Wie zei dat ook al weer? "Je moet je
tegenstander een plan laten bedenken, meestal gaat dat fout".} 16. Qxa5 Nxa5
17. Bb5 Rxc1 (17... Nc6 18. d5 a6 19. dxc6 axb5 20. cxb7 Rb8 21. Rc7 $18) 18.
Rxc1 Rc8 19. Rxc8+ Bxc8 20. Bxe7 {Zo'n eindspel met pluspion moet in de
praktijk vrijwel gewonnen zijn.} a6 21. Bd3 Be6 22. a3 Bf8 $6 {Stukkenruil
vergroot de remisekansen niet.} 23. Bxf8 Kxf8 24. Kf1 Nc4 25. Bxc4 {Dit leek
me het eenvoudigste.} ({Ik keek ook een tijdje naar} 25. Ng5 {en vermoedde dat
dit ook won omdat het zwarte paard opgesloten is na} Nxa3 26. Nxe6+ fxe6 27.
Ke2 b5 28. Kd2 {maar 100% zeker was ik niet.}) 25... Bxc4+ 26. Ke1 Ke7 27. h4
f6 28. Kd2 Kd6 29. Kc3 Bf1 30. g3 h6 31. Nd2 Be2 32. Ne4+ Ke7 33. Kb4 b6 34.
Nc3 Kd6 $2 {Een blunder in verloren stelling.} (34... a5+ 35. Kb3 Bf3 36. Kc4
Kd6 37. e4 $18 {was ook hopeloos.}) 35. Nxe2 {Ik was nog voor 11:00 klaar en
kon lekker tussendoor thuis relaxen omdat de middagpartij om 14:00 begon.} 1-0